000 00301nam a22001337a 4500
008 170824b xxu||||| |||| 00| 0 eng d
020 _a0387906681
041 _aeng
080 _a514
100 _a38
101 _aMAT
245 _aGEOMETRIC THEORY OF DYNAMICAL SYSTEMS
_cPALIS,J
942 _2udc
_cBK
999 _c24758
_d24758